| 000 | 00655nam a2200205 u 4500 | ||
|---|---|---|---|
| 005 | 20221115063532.0 | ||
| 008 | 160202s2008 ea r 000 0 spa d | ||
| 020 | _a9781575652641 | ||
| 035 | _aUPN01000207793 | ||
| 049 | _aI | ||
| 050 | 4 |
_aPZ76.3 _bL8.6 |
|
| 100 | 1 |
_aLuke, Melinda, _d1955- _938360 |
|
| 245 | 1 | 3 |
_aEl perro verde / _cMelinda Luke ; il. Jane Manning ; tr. Alma B. Ramírez. |
| 260 |
_aNew York : _bKane Press, _c2008. |
||
| 300 |
_a32 p. : _bprincipalmente il. col. |
||
| 440 | 0 | _aScience solves it! en español | |
| 650 | 7 |
_aAnimales _vLiteratura infantil _2 _91061 |
|
| 650 | 0 |
_aPerros _vCuentos y leyendas _98586 |
|
| 905 | _aInfantil | ||
| 999 |
_c179894 _d179894 |
||